000
00244nam a2200097Ia 4500
005
20251222113744.0
008
251222s1900||||xx |||||||||||||| ||spa||
082
_a
DVD0070/L95/1999
245
0
_a
Una historia verdadera:The Straight Story
942
_c
DVD
999
_c
737
_d
737